| 000 | 00919nam a2200193Ii 4500 | ||
|---|---|---|---|
| 003 | JO-AjNU | ||
| 008 | 230605s9999||||xx |||||||||||||| ||und|| | ||
| 040 |
_aJO-AjNU _bara _erda _cJO-AjNU |
||
| 041 | _aara | ||
| 050 | 1 | 4 | _aQA76 2016 |
| 100 | 3 |
_aاعداد سحر عبدالله عكور، سلام قاسم المومني، ياسمين فريد زواهرة؛ اشراف غازي الشقاح, _eauthor _958313 |
|
| 245 | 0 | 0 | _aنظام ادارة مدرسة الكتورنيا = School Management System |
| 264 | 3 | 1 | _aعجلون: جامعة عجلون الوطنيه، 2016 |
| 300 |
_a34ص _bمشروع تخرج جامعة عجلون الوطنيه ( عجلون ، الاردن) كلية تكنولوجيا المعلومات ، 2016 |
||
| 336 |
_atext _btxt _2rdacontent |
||
| 337 |
_aunmediated _bn _2rdamedia |
||
| 338 |
_avolume _bnc _2rdacarrier |
||
| 650 | 4 |
_aادارة مدرسة - نظام حوسبة _958314 |
|
| 999 |
_aA26180 _c29748 _d29748 |
||